[Event "Campobasso op 12th"]
[Site "Campobasso"]
[Date "2005.07.10"]
[Round "5"]
[White "Strippoli, Michele"]
[Black "Vanzan, Alessandro"]
[Result "1-0"]
[WhiteElo "1808"]
[BlackElo "1886"]
[PlyCount "71"]
[EventDate "2005.07.08"]
[EventType "swiss"]
[EventRounds "6"]
[EventCountry "ITA"]
[SourceTitle "EXT 2007"]
[Source "ChessBase"]
[SourceDate "2006.11.23"]
[SourceVersion "1"]
[SourceVersionDate "2006.11.23"]
[SourceQuality "1"]

1. e4 c5 2. Nf3 d6 3. d3 Nc6 4. g3 g6 5. Bg2 Bg7 6. Nbd2 Nf6 7. 0-0 0-0 8. c3 Rb8 9. a4 Nd7 10. Nc4 a6 11. Nh4 b5 12. axb5 axb5 13. Ne3 Bb7 14. f4 e6 15. Qe1 b4 16. Nc4 Nb6 17. Na5 Nxa5 18. Rxa5 bxc3 19. bxc3 Ra8 20. c4 Na4 21. Bd2 Nb2 22. Rb5 Nxd3 23. Qe2 Bd4+ 24. Be3 Nxf4 25. Rxf4 Bc6 26. Bxd4 Bxb5 27. Bf6 Qb6 28. cxb5 c4+ 29. Kh1 Qxb5 30. Rf1 Rae8 31. Qd2 Qh5 32. Bf3 c3 33. Qxc3 Qb5 34. Bg2 Qh5 35. Qd2 h6 36. g4 1-0